000 00701nam a2200253Ia 4500
003 OSt
005 20220927105338.0
006 a|||||r|||| 00| 0
007 ta
008 220926b |||||||| |||| 00| 0 eng d
020 _a0697051501
024 _a192373
037 _cReference Collections
040 _aRTL
_cRTL
_beng
041 _2eng
_aeng
082 _a"U672(J), L0"
100 _aANDERSON James R
_9371828
245 0 _aGeography of agriculture
260 _aDubuque
_bWM. C. Brown Company
_c1970
300 _a"ix, 106p"
_ccm.
490 _aBrown Foundations of Geography
942 _h"U672(J), L0"
_cCC
999 _c691997
_d691997